Preparación y evaluación de proyectos (Registro nro. 925)
[ vista simple ]
| 000 -LEADER | |
|---|---|
| fixed length control field | 01315 a2200241 4500 |
| 001 - CONTROL NUMBER | |
| control field | 22204 |
| 005 - DATE AND TIME OF LATEST TRANSACTION | |
| control field | 20260407155511.0 |
| 008 - FIXED-LENGTH DATA ELEMENTS--GENERAL INFORMATION | |
| fixed length control field | 260407a1997 arg spa d |
| 003 - CONTROL NUMBER IDENTIFIER | |
| control field | AR-UNSa-BCEJYS |
| 040 ## - CATALOGING SOURCE | |
| Original cataloging agency | AR-UNSa-BCEJYS |
| Language of cataloging | spa |
| Transcribing agency | AR-UNSa-BCEJYS |
| 080 ## - UNIVERSAL DECIMAL CLASSIFICATION NUMBER | |
| Universal Decimal Classification number | 658.16 |
| Common auxiliary subdivision | Reorganización financiera (Proyectos de inversión) |
| 020 ## - INTERNATIONAL STANDARD BOOK NUMBER | |
| International Standard Book Number | 978-958-600-338-4 |
| 100 1# - MAIN ENTRY--PERSONAL NAME | |
| Personal name | Sapag Chain, Nassir |
| 245 10 - TITLE STATEMENT | |
| Title | Preparación y evaluación de proyectos |
| 250 ## - EDITION STATEMENT | |
| Edition statement | 3a. ed |
| 264 #1 - PRODUCTION, PUBLICATION, DISTRIBUTION, MANUFACTURE, AND COPYRIGHT NOTICE | |
| Place of production, publication, distribution, manufacture | Bogotá : |
| Name of producer, publisher, distributor, manufacturer | McGraw-Hill |
| Date of production, publication, distribution, manufacture, or copyright notice | 1997 |
| 300 ## - PHYSICAL DESCRIPTION | |
| Extent | 404 p. |
| Dimensions | 23 cm. |
| 505 ## - FORMATTED CONTENTS NOTE | |
| Formatted contents note | 1. El estudio de los proyectos - 2. El proceso de preparación y evaluación - 3. Estructura económica del mercado - 4. El estudio de mercado - 5. Técnicas de proyección del mercado - 6. Estimación de costos - 7. Antecedentes económicos del estudio técnico - 8. La determinación del tamaño - 9. Decisiones de localización - 10. Efectos económicos de los aspectos organizacionales - 11. Antecedentes económicos del estudio legal - 12. Las inversiones del proyecto - 13. Beneficios del proyecto - 14. Flujo de caja proyectado - 15. Tasa de descuento - 16. Criterios de evaluación de proyectos - 17. Análisis de riesgo |
| 590 ## - LOCAL NOTE (RLIN) | |
| Local note | niveau_biblio:m niveau_hierar:0 |
| 700 1# - ADDED ENTRY--PERSONAL NAME | |
| Personal name | Sapag Chain, Reinaldo |
| 700 1# - ADDED ENTRY--PERSONAL NAME | |
| Personal name | Ruiz, Hector A. |
| 942 ## - ADDED ENTRY ELEMENTS (KOHA) | |
| Koha item type | |
| Withdrawn status | Lost status | Damaged status | Not for loan | Home library | Current library | Shelving location | Date acquired | Total checkouts | Full call number | Barcode | Date last seen | Price effective from | Koha item type |
|---|---|---|---|---|---|---|---|---|---|---|---|---|---|
| Biblioteca Prof. Eusebio Cleto del Rey | Biblioteca Prof. Eusebio Cleto del Rey | 07/04/2026 | P658.16 S241 3ed. | L119437 | 07/04/2026 | 07/04/2026 | Libro | ||||||
| Biblioteca Prof. Eusebio Cleto del Rey | Biblioteca Prof. Eusebio Cleto del Rey | 07/04/2026 | 658.16 S241 3ed. | L69554 | 07/04/2026 | 07/04/2026 | Libro | ||||||
| Biblioteca Prof. Eusebio Cleto del Rey | Biblioteca Prof. Eusebio Cleto del Rey | 07/04/2026 | 658.16 S241 3ed. | L69555 | 07/04/2026 | 07/04/2026 | Libro |